000 00733nam a2200253Ia 4500
003 OSt
005 20220918220937.0
006 a|||||r|||| 00| 0
007 ta
008 220917b |||||||| |||| 00| 0 eng d
024 _a147,519
037 _cTextual
040 _aARTS
_cARTS
_beng
041 _2eng
_aeng
082 _aY54:6.1, L7
100 _aKourvetaris George A Ed
_9138590
245 0 _aWorld perspective in the sociology of the military
260 _aNew Jersey
_bNew Brunswick
_c1977
300 _ax1, 294p.
_ccm.
650 _aSOCIOLOGY
700 _a Dobratz Betty A Ed
_9138591
942 _hY54:6.1, L7
_cTEXL
_2CC
999 _c270258
_d270258